Manual práctico de catalogación : (Record no. 191492)

MARC details
000 -LEADER
campo de control de longitud fija 01270cam a2200349 4500
001 - NÚMERO DE CONTROL
campo de control 191492
003 - IDENTIFICADOR DE NÚMERO DE CONTROL
campo de control SpMaBN
005 - FECHA Y HORA DE LA ÚLTIMA TRANSACCIÓN
campo de control 20250903075124.0
008 - DATOS DE LONGITUD FIJA--INFORMACIÓN GENERAL
campo de control de longitud fija 220926s1991 sp | |||| ||spa d
016 7# - NÚMERO DE CONTROL DE UNA AGENCIA BIBLIOGRÁFICA NACIONAL
Número de control del registro bimoBNE19930782300
Número de control cancelado/no válido SIC92018494 [
Fuente SpMaBN]
017 ## - NÚMERO DE COPYRIGHT O DE DEPÓSITO LEGAL
Número de copyright o de depósito legal GR 1595-1991
Agencia que asigna Oficina Depósito Legal Granada
020 ## - NÚMERO INTERNACIONAL ESTÁNDAR DEL LIBRO
Número Internacional Estándar del Libro 84-7933-037-6
035 ## - NÚMERO DE CONTROL DEL SISTEMA
Número de control de sistema (OCoLC)50915109
040 ## - FUENTE DE CATALOGACIÓN
Centro catalogador/agencia de origen SpMaBN
Lengua de catalogación spa
Centro/agencia transcriptor SIC
080 ## - NÚMERO DE LA CLASIFICACIÓN DECIMAL UNIVERSAL
Número de la Clasificación Decimal Universal 025.3
100 1# - ENTRADA PRINCIPAL--NOMBRE DE PERSONA
Nombre de persona Ramos Fajardo, Carmen.
9 (RLIN) 175274
245 10 - MENCIÓN DEL TÍTULO
Título Manual práctico de catalogación :
Resto del título monografías, seriadas y fondos especiales /
Mención de responsabilidad, etc. Carmen Ramos Fajardo, Maria Jose Ariza Rubio, Manuela Reina de la Torre ; Dirección Maria Pinto Molina.
250 ## - MENCION DE EDICION
Mención de edición 2ª ed.
260 ## - PUBLICACIÓN, DISTRIBUCIÓN, ETC.
Lugar de publicación, distribución, etc. Granada :
Nombre del editor, distribuidor, etc. Impredisur,
Fecha de publicación, distribución, etc. 1991.
300 ## - DESCRIPCIÓN FÍSICA
Extensión 387 p. :
Otras características físicas Il. ;
Dimensiones 30 cm.
490 1# - MENCIÓN DE SERIE
Mención de serie Documenta ;
Designación de volumen o secuencia 0
500 ## - NOTA GENERAL
Nota general Indice analítico por capítulos.
500 ## - NOTA GENERAL
Nota general Glosario.
504 ## - NOTA DE BIBLIOGRAFÍA, ETC.
Nota de bibliografía, etc. Bibliografía: p. 385-387.
650 07 - PUNTO DE ACCESO ADICIONAL DE MATERIA--TÉRMINO DE MATERIA
Término de materia o nombre geográfico como elemento de entrada Catalogación bibliográfica
Fuente del encabezamiento o término embne
9 (RLIN) 10838
700 1# - ENTRADA AGREGADA--NOMBRE PERSONAL
Nombre de persona Ariza Rubio, María José.
9 (RLIN) 175275
700 1# - ENTRADA AGREGADA--NOMBRE PERSONAL
Nombre de persona Reina de la Torre, Manuela.
9 (RLIN) 175276
700 1# - ENTRADA AGREGADA--NOMBRE PERSONAL
Nombre de persona Pinto Molina, María.
9 (RLIN) 92233
830 #0 - PUNTO DE ACCESO ADICIONAL DE SERIE-TÍTULO UNIFORME
Título uniforme Documenta (Impredisur) ;
Designación de volumen o secuencia 0.
9 (RLIN) 226031
852 ## - LOCALIZACIÓN
Ubicación ES-MaACL
Número de control de estantería 025.31 RAM man
Holdings
Estatus retirado Estado de pérdida Fuente del sistema de clasificación o colocación Estado de daño No para préstamo Colección Biblioteca de origen Biblioteca actual Ubicación en estantería Fecha de adquisición Total de préstamos Signatura topográfica completa Código de barras Visto por última vez Precio de reemplazo Tipo de ítem Koha
    Clasificación decimal universal     Biblioteca profesional Biblioteca del Ateneo de Madrid Biblioteca del Ateneo de Madrid Despachos-biblioteca 26/09/2022   025.31 RAM man 1203855 23/02/2023 23/02/2023 Libro impreso